[Event "Brno Open 2024 - A IM Round Robin"]
[Site "Bobycentrum hotel, Brno"]
[Date ""]
[Round "6"]
[Board "3"]
[White "Mattenberger, Matthias"]
[Black "Flasik, Radoslav"]
[Result "1-0"]
[WhiteElo "2257"]
[BlackElo "2141"]
[PlyCount "85"]
[EventDate "2024.11.16"]
[EventRounds "9"]
[EventCountry "CZE"]

1. d4 d5 2. c4 e6 3. Nc3 Nf6 4. cxd5 exd5 5. Bg5 c6 6. e3 Be6 7. Bd3 h6 8. Bh4 Nbd7
9. f4 g5 10. Bg3 gxf4 11. exf4 Bg4 12. Nf3 Qe7+ 13. Kf2 Bxf3 14. Qxf3 Qb4 15. Rhe1+
Kd8 16. Kg1 Qxd4+ 17. Kh1 Bd6 18. Bf5 Re8 19. Rxe8+ Kxe8 20. a3 Kf8 21. Bf2 Qxf4
22. Bg3 Qxf3 23. Bxd6+ Kg7 24. gxf3 Re8 25. Rg1+ Kh8 26. Bf4 Ne5 27. Re1 Nxf3 28.
Rxe8+ Nxe8 29. Bxh6 Nd6 30. Bd3 Ne1 31. Bb1 f5 32. Bf4 Nc4 33. Nd1 b5 34. Bxf5 a5
35. Ne3 Nb6 36. Bc7 Na4 37. Bxa5 d4 38. Bxe1 Nxb2 39. Nf1 c5 40. Nd2 c4 41. Bf2 Na4
42. Bxd4+ Kg8 43. Bc2  1-0

[Event "Brno Open 2024 - A IM Round Robin"]
[Site "Bobycentrum hotel, Brno"]
[Date ""]
[Round "6"]
[Board "4"]
[White "Ashwath, R."]
[Black "Vyskocil, Neklan"]
[Result "1/2-1/2"]
[WhiteElo "2333"]
[BlackElo "2269"]
[PlyCount "0"]
[EventDate "2024.11.16"]
[EventRounds "9"]
[EventCountry "CZE"]

1. d4 d5 2. c4 e6 3. Nc3 Nf6 4. cxd5 exd5 5. Bg5 Be7 6. e3 h6 7. Bh4 Bg4 8. Qc2 O-O
9. Bd3 c5 10. h3 Be6 11. dxc5 Nbd7 12. Nf3 Nxc5 13. O-O Rc8 14. Rac1 Nfe4 15. Bxe7
Qxe7 16. Nd4 a6 17. Nxe6 Qxe6 18. b4  1/2-1/2

[Event "Brno Open 2024 - A IM Round Robin"]
[Site "Bobycentrum hotel, Brno"]
[Date ""]
[Round "6"]
[Board "5"]
[White "Nissinen, Niilo Man"]
[Black "Pisk, Petr"]
[Result "0-1"]
[WhiteElo "2150"]
[BlackElo "2287"]
[PlyCount "88"]
[EventDate "2024.11.16"]
[EventRounds "9"]
[EventCountry "CZE"]

1. e4 c5 2. Nf3 e6 3. d4 cxd4 4. Nxd4 a6 5. c4 Nf6 6. Nc3 d6 7. Be2 Be7 8. O-O Bd7
9. f4 Nc6 10. Be3 Nxd4 11. Bxd4 Bc6 12. Qd3 O-O 13. Rad1 Qb8 14. a4 a5 15. Bf3 Nd7
16. g3 Rd8 17. Nb5 e5 18. Be3 Nc5 19. Qc2 Bxb5 20. axb5 exf4 21. gxf4 Re8 22. Rd5
b6 23. Rfd1 Ra7 24. Bf2 Bf8 25. Bg3 a4 26. f5 Nd7 27. Bxd6 Bxd6 28. Rxd6 Ne5 29.
Be2 h6 30. Qd2 Qc7 31. Qd4 Rb7 32. Kh1 Kh7 33. Rc1 Rbb8 34. c5 bxc5 35. Rxc5 Qe7
36. f6 gxf6 37. Rcd5 Rg8 38. Qf2 Rg6 39. Qf5 Kg7 40. b6 Rg8 41. Rd1 Kh8 42. R6d4
Qc5 43. Qf2 Qxb6 44. R1d2 Rg1+  0-1

[Event "Brno Open 2024 - A IM Round Robin"]
[Site "Bobycentrum hotel, Brno"]
[Date ""]
[Round "7"]
[Board "1"]
[White "Pisk, Petr"]
[Black "Marn, Jan"]
[Result "1-0"]
[WhiteElo "2287"]
[BlackElo "2393"]
[PlyCount "121"]
[EventDate "2024.11.16"]
[EventRounds "9"]
[EventCountry "CZE"]

1. e4 e5 2. Nf3 Nc6 3. Bb5 a6 4. Ba4 d6 5. c3 f5 6. exf5 Bxf5 7. O-O Bd3 8. Re1 Be7
9. Qb3 b5 10. Qd5 Qd7 11. Qxd3 bxa4 12. Qc2 Nf6 13. d3 O-O 14. Nbd2 Nd5 15. Nf1 Nf4
16. Bxf4 Rxf4 17. Re4 Rxe4 18. dxe4 Na5 19. Ne3 Rb8 20. b4 Nb7 21. Rd1 Qe8 22. Qd3
a5 23. Qc4+ Kf8 24. Qxc7 Qc8 25. Qc4 Qxc4 26. Nxc4 Rc8 27. Nxa5 Nxa5 28. bxa5 Rxc3
29. Kf1 Rc6 30. Rb1 Bd8 31. Rb4 Bxa5 32. Rxa4 Bb6 33. Rb4 Rc1+ 34. Ke2 Bc5 35. Rb2
Ke7 36. Ne1 Bd4 37. Rc2 Ra1 38. Nf3 Bc5 39. Nxe5 dxe5 40. Rxc5 Rxa2+ 41. Kf3 Kf6
42. Rc6+ Kf7 43. Rc7+ Kf6 44. Rc6+ Kf7 45. Kg3 Rb2 46. Rc3 Re2 47. Kf3 Rd2 48. h4
h5 49. g3 g6 50. Ke3 Kf6 51. f4 exf4+ 52. Kxf4 Rf2+ 53. Rf3 Re2 54. Rf1 Rg2 55. e5+
Ke6 56. Rf3 Kf7 57. Kg5+ Kg7 58. e6 Rg1 59. Rf7+ Kg8 60. Kf6 Rxg3 61. Rg7+  1-0

[Event "Brno Open 2024 - A IM Round Robin"]
[Site "Bobycentrum hotel, Brno"]
[Date ""]
[Round "7"]
[Board "2"]
[White "Vyskocil, Neklan"]
[Black "Nissinen, Niilo Man"]
[Result "1/2-1/2"]
[WhiteElo "2269"]
[BlackElo "2150"]
[PlyCount "0"]
[EventDate "2024.11.16"]
[EventRounds "9"]
[EventCountry "CZE"]

1. d4 Nf6 2. Nf3 d5 3. e3 e6 4. Nbd2 Be7 5. Bd3 O-O 6. O-O b6 7. Qe2 Bb7 8. e4 dxe4
9. Nxe4 Nbd7 10. Bd2 c5 11. Nxf6+ Bxf6 12. c3 Re8 13. Bf4 cxd4 14. cxd4 Nf8 15. Be4
Bd5 16. Rac1 Ng6 17. Bg3 Re7 18. Ne5 Bxe5 19. dxe5 Bxe4 20. Qxe4 Rd7 21. h3 Rc8 22.
Qa4 h6 23. Rxc8 Qxc8 24. Rd1 Rxd1+ 25. Qxd1 Ne7 26. Kh2 Nd5 27. Qa4 a6 28. Qa3 Qc4
29. h4 a5 30. Qd6 Qe4 31. Qb8+ Kh7 32. Qb7 Qf5 33. Qc6 Kg6 34. a3 Qb1 35. Qc4 Kh7
36. Qd4 Qc2 37. Kg1 Qb3 38. Kh2 Kg8 39. Kg1 Qc2 40. Kh2 a4 41. Kg1 Qb3 42. Kh2 h5
43. Kg1 b5 44. Kh2 b4 45. axb4 Qxb4 46. Qd1 g6 47. Qc1 Kg7 48. Kg1 Qd4 49. Kh2 Nb6
50. Qg5 Nd7 51. Qd8 Qd5 52. Kg1 Nc5 53. Qf6+ Kg8 54. Qe7 Nd3 55. Qe8+ Kg7 56. Qxa4
Nxb2 57. Qf4 Nc4 58. Kh2 Nd2 59. Qf6+ Kg8 60. Bf4 Ne4 61. Qe7 Qc5 62. Qd8+ Kh7 63.
f3 Nc3 64. Qf6 Qf8 65. Qg5 Nd5 66. Kg3 Kg8 67. Kh2 Qe7 68. Qxe7 Nxe7 69. g4 Kg7 70.
Kg2 Nd5 71. Bg5 hxg4  1/2-1/2

[Event "Brno Open 2024 - A IM Round Robin"]
[Site "Bobycentrum hotel, Brno"]
[Date ""]
[Round "7"]
[Board "3"]
[White "Flasik, Radoslav"]
[Black "Ashwath, R."]
[Result "0-1"]
[WhiteElo "2141"]
[BlackElo "2333"]
[PlyCount "86"]
[EventDate "2024.11.16"]
[EventRounds "9"]
[EventCountry "CZE"]

1. d4 g6 2. c4 Bg7 3. Nc3 d6 4. e4 e5 5. Nge2 Nc6 6. Be3 Nf6 7. f3 O-O 8. d5 Ne7
9. Nc1 Nh5 10. Nd3 f5 11. Be2 Nf4 12. Nxf4 exf4 13. Bd4 fxe4 14. Bxg7 Kxg7 15. Qd4+
Kg8 16. fxe4 g5 17. Bh5 Bd7 18. O-O-O Be8 19. Bxe8 Rxe8 20. h4 Ng6 21. h5 Ne5 22.
h6 Qf6 23. Kb1 a6 24. c5 Ng4 25. Rh5 Re5 26. Rc1 Qg6 27. Rh3 Nf6 28. cxd6 cxd6 29.
Qb4 Nxe4 30. Ka1 Nc5 31. Qb6 Re7 32. Rhh1 Rae8 33. a3 Re3 34. Ka2 Qf6 35. Nd1 Rb3
36. Qc7 Rd3 37. Rc2 Qf7 38. Qxf7+ Kxf7 39. b4 Na4 40. Nb2 Nxb2 41. Kxb2 Rxd5 42.
Rc7+ Re7 43. Rhc1 Rde5  0-1

[Event "Brno Open 2024 - A IM Round Robin"]
[Site "Bobycentrum hotel, Brno"]
[Date ""]
[Round "7"]
[Board "4"]
[White "Kulkarni, Bhakti"]
[Black "Mattenberger, Matthias"]
[Result "1-0"]
[WhiteElo "2345"]
[BlackElo "2257"]
[PlyCount "103"]
[EventDate "2024.11.16"]
[EventRounds "9"]
[EventCountry "CZE"]

1. Nf3 Nf6 2. c4 g6 3. Nc3 d5 4. cxd5 Nxd5 5. h4 Bg7 6. e4 Nxc3 7. dxc3 Qxd1+ 8.
Kxd1 Nd7 9. Bc4 Nc5 10. Re1 Bg4 11. Kc2 Bxf3 12. gxf3 Nd7 13. h5 e6 14. Be3 a6 15.
Rh1 Nf6 16. Rag1 Rg8 17. hxg6 hxg6 18. Bg5 Nd7 19. f4 Bf6 20. f5 gxf5 21. Bxf6 Nxf6
22. Rxg8+ Nxg8 23. exf5 exf5 24. Rh7 Kd7 25. Rxf7+ Ne7 26. Bd3 Ke6 27. Bc4+ Kd7 28.
Rf6 b5 29. Be6+ Kd6 30. Bxf5+ Ke5 31. Re6+ Kxf5 32. Rxe7 c5 33. a4 bxa4 34. Rc7 a3
35. Rxc5+ Ke6 36. b4 Rf8 37. Ra5 Rxf2+ 38. Kb3 Rb2+ 39. Kxa3 Rb1 40. Ka2 Rh1 41.
Kb3 Kd6 42. Rxa6+ Kc7 43. b5 Rb1+ 44. Kc4 Rh1 45. Kb4 Rh4+ 46. c4 Rh1 47. Rg6 Rh4
48. b6+ Kb7 49. Kb5 Rh1 50. Rg7+ Kc8 51. c5 Rh5 52. Ka6  1-0